Statistics for Military Snipers

Click here to take the quiz!

General Stats

  • This quiz has been taken 94 times
    (79 since last reset)
  • The average score is 2 of 12

Answer Stats

Hint,Answer% Correct
Served four tours in Iraq, with 160 confirmed kills, the most in AmericaChris Kyle
83%
505 kills, called the White Death, and fought in the Winter WarSimo Hayha
40%
Sniper of the 1st marines with 93 confirmed kills in Vietnam. Shot another sniper through his scope.Carlos Hathcock
36%
Member of Seal Team 10 and surviving member of Operation Red WingsMarcus Luttrell
14%
Sniper Killed protecting super six one crash site in Mogadishu. Later awarded the Medal of Honor posthomouslyGary Gordon
9%
378 kills and over 300 captures, this warrior fought with the Canadians in WW1 and also served as a courierFrancis Pegahmagabow
6%
Another sniper killed defending the crash site, also awarded the Medal of HonorRandy Shughart
6%
Canadian sniper who took one of the longest shots ever recordedRob Furlong
6%
A Ukranian woman sniper who fought with the SovietsLyudmila Pavlichenko
4%
Soviet sniper who fought in Stalingrad with 242 kills, including several other snipersVasily Zaytsev
4%
Sniper in Vietnam with 106 confirmed kills that shot 16 NVA soldiers with head shots from his M14 in one battleChuck Mawhinney
3%
Sniper in Vietnam with 109 confirmed kills and has received two distinguished service crossesAlbert Waldron
1%

Score Distribution

Percentile by Number Answered

Percent of People with Each Score

Your Score History

You have not taken this quiz since the last reset